ONLY TWO Countries With Three Letter String Quiz Stats

 Plays Quiz not verified by Sporcle

Score 0/26 Timer 07:00
0 Plays Today
Two Letters Countries % Correct
divCote (d'Iv)oire, Mal(div)es
86.3%
akiP(aki)stan, Slov(aki)a
80.7%
aguNicar(agu)a, Par(agu)ay
80.5%
oroCom(oro)s, M(oro)cco
80%
hilC(hil)e, P(hil)ippines
78%
igeN(ige)r, N(ige)ria
74.9%
oloC(olo)mbia, S(olo)mon Islands
73.4%
ortN(ort)h Korea, P(ort)ugal
72.7%
runB(run)ei, Bu(run)di
72.2%
oliB(oli)via, Mong(oli)a
69.3%
nmaDe(nma)rk, Mya(nma)r
68.3%
ingS(ing)apore, United K(ing)dom
62%
ntiA(nti)gua and Barbuda, Arge(nti)na
61.7%
Two Letters Countries % Correct
rbaAze(rba)ijan, Ba(rba)dos
59.3%
raiBah(rai)n, Uk(rai)ne
59%
steLiechten(ste)in, Timor-Le(ste)
56.8%
mboCa(mbo)dia, Luxe(mbo)urg
53.9%
omiD(omi)nica, D(omi)nican Republic
52.2%
hanAfg(han)istan, G(han)a
51%
rlaNethe(rla)nds, Switze(rla)nd
46.6%
esiIndon(esi)a, Micron(esi)a
44.9%
ralAust(ral)ia, Cent(ral) African Republic
37.6%
ilaSwaz(ila)nd, Tha(ila)nd
33.9%
oniEst(oni)a, Maced(oni)a
33.4%
ratDemoc(rat)ic Republic of the Congo, United Arab Emi(rat)es
28.3%
incSaint V(inc)ent and the Grenadines, Sao Tome and Pr(inc)ipe
26.1%

You're not logged in!

Compare scores with friends on all Sporcle quizzes.
OR
Log In

You Might Also Like...

Show Comments

Extras

Top Quizzes Today


Score Distribution

Your Account Isn't Verified!

In order to create a playlist on Sporcle, you need to verify the email address you used during registration. Go to your Sporcle Settings to finish the process.

Report this User

Report this user for behavior that violates our Community Guidelines.

Details: